Przystanki linii tramwajowej 3 w Toruniu - Statystyki

Ogólne statystyki
  • Ten quiz został rozwiązany 40 razy
  • Średni wynik to 18 z 25
Statystyki odpowiedzi
Odpowiedź % Poprawnych
MOTOARENA
100%
HEWELIUSZA
88%
Aleja Solidarności
85%
Plac Rapackiego
85%
Plac Skalskiego
85%
Reja
82%
Reja
82%
Targowisko
82%
Bema
79%
Ogród Zoobotaniczny
79%
Szosa Bydgoska
79%
Żwirki i Wigury
79%
Osiedle ZIeleniec
76%
Długa
71%
Elektryczna
68%
Koniuchy
68%
Konopnickiej
68%
Wybickiego
68%
Strobanda
62%
Freytaga
53%
Park Miejski
53%
Grasera
50%
Hubego
50%
Przybyszewskiego
44%
Wiśniowieckiego
44%
Nie znaleziono quizów pasujących do podanych kryteriów
Rozkład punktacji
Procent ludzi z każdym wynikiem
Percentyl według liczby udzielonych odpowiedzi
Twoja historia wyników
Nie rozwiązałeś tego quizu